000
00293nam a2200121Ia 4500
008
190216s9999||||xx |||||||||||||| ||und||
100
_a
Porwal L S
245
0
_a
State Finances In India A Case Study
260
_b
Sulthan Chand&Sons
_c
1971
300
_a
237p
650
_a
Commerce
942
_c
BK
999
_c
4644
_d
4644